Grammatica latina. 4. ed.

Gespeichert in:
Bibliographische Detailangaben
1. Verfasser: Carboni, Luigi.
Format: Buch
Sprache:Italienisch
Erschienen: Bologna Marsigli e Rocchi 1865
Katalog:EDISCO:  Suchergebnis im Bibliothekskatalog
Schulbuchspezifische Eigenschaften:
Tags: Tag hinzufügen
Keine Tags, Fügen Sie den ersten Tag hinzu!
Hinzugefügt zu:30.04.2016
Geändert in:18.10.2017

MARC

LEADER 00000aam a22000007 4500
001 04527
003 OSt
005 20171018094155.0
008 160501s1865 it 000 0 ita
040 |c Gianfranco Bandini - Firenze - CLIO 
041 1 |a ita 
100 1 |a Carboni, Luigi. 
245 0 0 |a Grammatica latina. 4. ed. 
260 |a Bologna  |b Marsigli e Rocchi  |c 1865 
300 |a , 1/x ;  
901 |a 7 
942 |2 ddc  |c BK 
546 |a ita 
999 |c 4516  |d 4516 
999 |c edisco:4516  |d 4516